[Event "European Youth Chess Championship B12"]
[Site "Prague, Top Hotel Prague"]
[Date "2016.08.19"]
[Round "2.45"]
[White "Hofman, Krystof"]
[Black "Pogosyan, Stefan"]
[Result "0-1"]
[WhiteElo "1684"]
[BlackElo "2200"]
[PlyCount "80"]
[EventDate "2016.08.18"]

1. d4 Nf6 2. c4 c5 3. e3 cxd4 4. exd4 e6 5. Nc3 Be7 6. Nf3 d6 7. Be2 O-O 8. O-O
a6 9. Be3 Nbd7 10. Qd2 b6 11. Rfd1 Bb7 12. Rac1 Qc7 13. a3 Rac8 14. b4 Qb8 15.
Qa2 Qa8 16. Qb3 Rfd8 17. Ne1 Bf8 18. f3 Rc7 19. Nd3 Rdc8 20. Nf2 g6 21. Na4 Bg7
22. c5 bxc5 23. dxc5 dxc5 24. Nxc5 Nxc5 25. Rxc5 Rxc5 26. Bxc5 Nd5 27. Ne4 Nf4
28. Bd3 Bd5 29. Qb1 f5 30. Nd2 g5 31. Be3 Be5 32. Kf2 Rc3 33. Bxf5 Rxe3 34.
Bxh7+ Kh8 35. g3 Re2+ 36. Kf1 Qa7 37. Ne4 Bxe4 38. Rd8+ Kxh7 39. Rd7+ Qxd7 40.
gxf4 Qd4 0-1

[Event "European Youth Chess Championship B12"]
[Site "Prague, Top Hotel Prague"]
[Date "2016.08.19"]
[Round "2.46"]
[White "Karacsonyi, Gellert"]
[Black "Wolaniecki, Patryk"]
[Result "1/2-1/2"]
[WhiteElo "2122"]
[BlackElo "1669"]
[PlyCount "79"]
[EventDate "2016.08.18"]

1. e4 c5 2. Nf3 e6 3. d4 cxd4 4. Nxd4 Nf6 5. Bd3 Nc6 6. Nxc6 bxc6 7. O-O d5 8.
Qe2 Bc5 9. Nd2 O-O 10. b3 Bd4 11. Rb1 Qa5 12. a4 Bc3 13. f4 Qb4 14. e5 Nd7 15.
Rf3 f6 16. Rh3 g6 17. Rxh7 f5 18. Rh3 Qxf4 19. Nf3 Qb4 20. Rg3 Kg7 21. Qe3 Qb6
22. Qxb6 axb6 23. Bf4 Rh8 24. Be2 Ba6 25. Bxa6 Rxa6 26. Ng5 Bxe5 27. Bxe5+ Nxe5
28. Re3 Kf6 29. Rxe5 Kxe5 30. Nf7+ Kf6 31. Nxh8 Ra8 32. Nxg6 Kxg6 33. Re1 Kf6
34. Kf2 Rh8 35. h3 f4 36. b4 Ra8 37. Ra1 e5 38. g3 fxg3+ 39. Kxg3 Kf5 40. a5
1/2-1/2

[Event "European Youth Chess Championship B12"]
[Site "Prague, Top Hotel Prague"]
[Date "2016.08.19"]
[Round "2.47"]
[White "Hosnedl, Matyas"]
[Black "Tsaruk, Maksim"]
[Result "0-1"]
[WhiteElo "1652"]
[BlackElo "2098"]
[PlyCount "70"]
[EventDate "2016.08.18"]

1. e4 e5 2. Nf3 Nc6 3. Bb5 g6 4. d3 Bg7 5. O-O Nge7 6. Re1 h6 7. Nbd2 O-O 8. h3
d6 9. c3 f5 10. Kf1 f4 11. d4 g5 12. dxe5 dxe5 13. Qb3+ Kh7 14. Rd1 Qe8 15. Nh2
a6 16. Bc4 Na5 17. Qb4 Nec6 18. Qc5 b6 19. Qd5 Rf6 20. Qd3 Rd6 21. Bd5 Ne7 22.
Qc2 Nxd5 23. exd5+ Qg6 24. Qxg6+ Kxg6 25. Ng4 Bxg4 26. hxg4 Rad8 27. Nb1 Rxd5
28. Rxd5 Rxd5 29. f3 Rd1+ 30. Kf2 Nc4 31. Ke2 Bf8 32. b4 Rd3 33. Na3 Nxa3 34.
Bxa3 Rxc3 35. Rc1 Bxb4 0-1

[Event "European Youth Chess Championship B12"]
[Site "Prague, Top Hotel Prague"]
[Date "2016.08.19"]
[Round "2.48"]
[White "Tsvetkov, Andrey"]
[Black "Hrbek, Tomas"]
[Result "1-0"]
[WhiteElo "2096"]
[BlackElo "1633"]
[PlyCount "77"]
[EventDate "2016.08.18"]

1. d4 d5 2. c4 e6 3. Nf3 Nf6 4. Nc3 Nbd7 5. Bf4 c5 6. e3 Be7 7. cxd5 exd5 8.
Bd3 O-O 9. O-O Re8 10. Qd2 b6 11. Nb5 Ne4 12. Bxe4 Nf6 13. Bd3 c4 14. Bc2 Nh5
15. Bg3 Ba6 16. Nc3 b5 17. a3 Nf6 18. Rfe1 Qb6 19. e4 b4 20. axb4 Bxb4 21. e5
Ne4 22. Bxe4 dxe4 23. Rxe4 Bb7 24. Re3 Rad8 25. Rd1 Qa5 26. Qc2 Bd5 27. Ng5 g6
28. Nge4 Bxe4 29. Nxe4 Kg7 30. Qxc4 Rc8 31. Qd3 Red8 32. h4 Qd5 33. h5 a5 34.
Bh4 Rf8 35. h6+ Kxh6 36. Bf6 Qxe5 37. Rh3+ Qh5 38. Qe3+ g5 39. Qxg5# 1-0

[Event "European Youth Chess Championship B12"]
[Site "Prague, Top Hotel Prague"]
[Date "2016.08.19"]
[Round "2.49"]
[White "Dwyer, Daniel"]
[Black "Musyuk, Lior"]
[Result "0-1"]
[WhiteElo "1629"]
[BlackElo "2087"]
[PlyCount "86"]
[EventDate "2016.08.18"]

1. e4 c5 2. Nf3 Nc6 3. d4 cxd4 4. Nxd4 e5 5. Nb5 d6 6. c4 Be7 7. N1c3 a6 8. Na3
f5 9. exf5 Bxf5 10. Bd3 Be6 11. Nc2 Nf6 12. b3 O-O 13. O-O Rc8 14. Bb2 Qd7 15.
Nd5 Bd8 16. Nce3 Ne7 17. Ba3 Kh8 18. Nxf6 gxf6 19. Bc2 Bc7 20. Qd3 f5 21. Rad1
Rcd8 22. f4 Ng6 23. Qc3 Qg7 24. Bb2 Bb6 25. Kh1 Bd4 26. Rxd4 exd4 27. Qd3 Kg8
28. Bxd4 Qh6 29. g3 Rd7 30. Bc3 Qh3 31. Re1 Ne7 32. Qd4 Qh6 33. Qh8+ Kf7 34.
Qd4 Nc6 35. Qd3 Kg8 36. Nd5 Rdf7 37. Nb6 Rd8 38. Nd5 Re8 39. Bb2 Bxd5+ 40. cxd5
Rxe1+ 41. Kg2 Qh5 42. Qc3 Re2+ 43. Kf1 Ne5 0-1

[Event "European Youth Chess Championship B12"]
[Site "Prague, Top Hotel Prague"]
[Date "2016.08.19"]
[Round "2.50"]
[White "Redzisz, Michal"]
[Black "Cuttoli, Alexandre"]
[Result "1-0"]
[WhiteElo "1834"]
[BlackElo "1618"]
[PlyCount "99"]
[EventDate "2016.08.18"]

1. e4 c5 2. Nf3 Nc6 3. Bb5 e6 4. O-O Nge7 5. Re1 a6 6. Bxc6 Nxc6 7. Nc3 Be7 8.
d4 cxd4 9. Nxd4 O-O 10. Nxc6 bxc6 11. Qh5 h6 12. Bd2 d5 13. e5 Bg5 14. f4 Be7
15. Kh1 Qb6 16. Rab1 c5 17. Re3 d4 18. Rg3 Kh8 19. Ne4 g6 20. Qg4 Bb7 21. Nf6
Kg7 22. Nd7 Qc6 23. Nxf8 Bxf8 24. Qf3 Qd7 25. Qd3 Rc8 26. c4 Rb8 27. b3 Bc6 28.
Rh3 Kh7 29. Kg1 Qb7 30. Qe2 Ra8 31. Rg3 Be4 32. Rc1 Bf5 33. h3 Be7 34. Rf3 Be4
35. Rff1 Bh4 36. Be1 Be7 37. Qd2 Kg7 38. Kh2 d3 39. Rg1 Qc7 40. Qe3 Qc6 41. Bd2
f5 42. exf6+ Bxf6 43. Rce1 Bf5 44. Rgf1 e5 45. fxe5 Bg5 46. Qf2 Be7 47. Qf3 Qc7
48. Qg3 Be6 49. Rf6 Bf7 50. Rxf7+ 1-0

[Event "European Youth Chess Championship B12"]
[Site "Prague, Top Hotel Prague"]
[Date "2016.08.19"]
[Round "2.51"]
[White "Pobor, Milo"]
[Black "Lamblin, Alexandre"]
[Result "1-0"]
[WhiteElo "1817"]
[BlackElo "1594"]
[PlyCount "65"]
[EventDate "2016.08.18"]

1. e4 c5 2. Nf3 Nc6 3. Bb5 e6 4. O-O Nge7 5. Re1 a6 6. Bxc6 Nxc6 7. d4 cxd4 8.
Nxd4 Be7 9. Nxc6 bxc6 10. Qg4 Kf8 11. e5 d5 12. exd6 Bxd6 13. Rd1 Qe7 14. Qd4
Bc5 15. Qd8+ Qe8 16. Bg5 Bb7 17. Qc7 Bc8 18. Rd8 Bd7 19. Rxe8+ Kxe8 20. Qb7 Rc8
21. Nc3 f6 22. Rd1 Rd8 23. Be3 Bxe3 24. fxe3 Rf8 25. Na4 Rf7 26. Nc5 e5 27.
Nxd7 Rfxd7 28. Qxc6 Ke7 29. Rxd7+ Rxd7 30. Qxa6 Rd1+ 31. Kf2 Rd2+ 32. Kf3 Rxc2
33. Qa3+ 1-0

[Event "European Youth Chess Championship B12"]
[Site "Prague, Top Hotel Prague"]
[Date "2016.08.19"]
[Round "2.52"]
[White "Jun, Rudolf Jr"]
[Black "Melkumiants, Alexandr"]
[Result "0-1"]
[WhiteElo "1621"]
[BlackElo "1794"]
[PlyCount "88"]
[EventDate "2016.08.18"]

1. e4 c5 2. Nf3 d6 3. Nc3 Nf6 4. d4 cxd4 5. Nxd4 g6 6. Bc4 Bg7 7. O-O O-O 8.
Be3 Nc6 9. h3 Qa5 10. Bd5 Bd7 11. a3 Nxd4 12. Bxd4 Bc6 13. b4 Qc7 14. Rc1 Rfc8
15. f3 Bxd5 16. Nxd5 Nxd5 17. exd5 Bxd4+ 18. Qxd4 Qc3 19. Qd3 Rc4 20. Rfe1 Kf8
21. Re3 Qxd3 22. Rxd3 Rac8 23. c3 b6 24. Re3 a5 25. Rce1 R8c7 26. Rc1 axb4 27.
axb4 Rxb4 28. Kf2 Rbc4 29. Ke2 b5 30. Kd2 b4 31. g3 Ke8 32. Rc2 Kd7 33. Re4
Rxe4 34. fxe4 Rxc3 35. Rxc3 bxc3+ 36. Kxc3 Kc7 37. Kd4 Kb6 38. h4 Kb5 39. g4
Kb4 40. e5 Kb5 41. g5 Kb4 42. Ke4 Kc4 43. h5 Kc5 44. hxg6 hxg6 0-1

[Event "European Youth Chess Championship B12"]
[Site "Prague, Top Hotel Prague"]
[Date "2016.08.19"]
[Round "2.53"]
[White "Nesse, David"]
[Black "Abelakiotis, Stavros"]
[Result "0-1"]
[WhiteElo "1602"]
[BlackElo "1784"]
[PlyCount "56"]
[EventDate "2016.08.18"]

1. e4 c5 2. d3 e6 3. g3 Nc6 4. Bg2 Bd6 5. f4 Nge7 6. Nf3 Bc7 7. O-O O-O 8. Be3
b6 9. Nc3 Bb7 10. Nh4 a6 11. f5 Be5 12. Qg4 Kh8 13. Bg5 Bd4+ 14. Kh1 f6 15. Bd2
exf5 16. Nxf5 Nxf5 17. Rxf5 g6 18. Bh6 Rf7 19. Rf4 Be3 20. Rxf6 Qxf6 21. Bxe3
Ne5 22. Qe2 Qe6 23. d4 cxd4 24. Bxd4 b5 25. Nd5 d6 26. Rf1 Raf8 27. Nc7 Rxf1+
28. Bxf1 Qf7 0-1

[Event "European Youth Chess Championship B12"]
[Site "Prague, Top Hotel Prague"]
[Date "2016.08.19"]
[Round "2.54"]
[White "Misiuk, Ernest"]
[Black "De, Cocq Ramin"]
[Result "1-0"]
[WhiteElo "1783"]
[BlackElo "1588"]
[PlyCount "59"]
[EventDate "2016.08.18"]

1. Nf3 d5 2. g3 c5 3. Bg2 Nc6 4. O-O e5 5. d3 Nf6 6. Nbd2 Be7 7. e4 O-O 8. Qe2
d4 9. h3 Bd7 10. Nh2 Qc8 11. f4 exf4 12. gxf4 Bxh3 13. f5 Bxg2 14. Qxg2 Ne5 15.
Ndf3 Bd6 16. Nxe5 Bxe5 17. Nf3 Qc7 18. Nxe5 Qxe5 19. Bf4 Qe7 20. Rae1 Nh5 21.
Bg5 f6 22. Bd2 b5 23. Kf2 c4 24. Rh1 Qf7 25. Qg4 g6 26. Rxh5 Qg7 27. Bh6 Qf7
28. Bxf8 Kxf8 29. fxg6 hxg6 30. Rh8+ 1-0

[Event "European Youth Chess Championship B12"]
[Site "Prague, Top Hotel Prague"]
[Date "2016.08.19"]
[Round "2.55"]
[White "Tajovsky, Matej"]
[Black "Luu, Robert"]
[Result "1/2-1/2"]
[WhiteElo "1584"]
[BlackElo "1779"]
[PlyCount "51"]
[EventDate "2016.08.18"]

1. d4 d5 2. Nf3 Nf6 3. Bg5 Ne4 4. Bh4 c5 5. e3 Nc6 6. Nbd2 Qb6 7. Bd3 f5 8. O-O
c4 9. Bxe4 fxe4 10. Ng5 Nd8 11. f3 h6 12. Ngxe4 dxe4 13. Nxc4 Qa6 14. Ne5 exf3
15. Qxf3 g6 16. Qe4 Bf5 17. Rxf5 gxf5 18. Qxf5 Qe6 19. Qh5+ Nf7 20. Bg3 Rh7 21.
c4 Qf6 22. h4 e6 23. Rf1 Qe7 24. Ng6 Qd7 25. Ne5 Qe7 26. Ng6 1/2-1/2

[Event "European Youth Chess Championship B12"]
[Site "Prague, Top Hotel Prague"]
[Date "2016.08.19"]
[Round "2.56"]
[White "Rosol, Alexander"]
[Black "Jirousek, Jan"]
[Result "1-0"]
[WhiteElo "1779"]
[BlackElo "1581"]
[PlyCount "51"]
[EventDate "2016.08.18"]

1. e4 c6 2. d4 d5 3. Nd2 dxe4 4. Nxe4 Bf5 5. Ng3 Bg6 6. h4 h6 7. Nf3 Nf6 8. h5
Bh7 9. Bd3 Bxd3 10. Qxd3 e6 11. Ne5 Bd6 12. f4 Bxe5 13. fxe5 Nd5 14. Bd2 Qb6
15. Ne4 O-O 16. O-O-O Qa6 17. Qg3 Kh8 18. Kb1 Nd7 19. Rdf1 Qb6 20. Nd6 Qxd4 21.
Nxf7+ Kg8 22. Bxh6 {Ilegal move played} Rxf7 23. Rxf7 Qxe5 24. Rxg7+ Kh8 25.
Qxe5 Nxe5 26. Rxb7 1-0

[Event "European Youth Chess Championship B12"]
[Site "Prague, Top Hotel Prague"]
[Date "2016.08.19"]
[Round "2.57"]
[White "Motiu, Victor"]
[Black "Kran, Ole-Christian Bakken"]
[Result "0-1"]
[WhiteElo "1774"]
[BlackElo "1571"]
[PlyCount "122"]
[EventDate "2016.08.18"]

1. c4 g6 2. g3 Bg7 3. Bg2 e6 4. Nc3 Ne7 5. d3 c6 6. Bf4 d5 7. Nf3 Qb6 8. Qb3
Nd7 9. Be3 Qxb3 10. axb3 Nf5 11. Rxa7 Rxa7 12. Bxa7 b6 13. Na4 O-O 14. Nxb6
Nxb6 15. Bxb6 Ba6 16. e4 Rb8 17. Bc7 Rb7 18. Be5 Bxe5 19. Nxe5 Nd4 20. exd5
cxd5 21. cxd5 exd5 22. O-O Rxb3 23. Bxd5 Rb5 24. Bc4 Ne2+ 25. Kg2 Bb7+ 26. f3
Rxe5 27. Re1 Nf4+ 28. Kf1 Rxe1+ 29. Kxe1 Ne6 30. Bxe6 fxe6 31. f4 Kf7 32. Kd2
Kf6 33. Ke3 e5 34. b4 Bc6 35. fxe5+ Kxe5 36. d4+ Kf5 37. Kd3 Bb5+ 38. Ke3 Bc4
39. Kf3 g5 40. g4+ Ke6 41. Ke4 Bd5+ 42. Ke3 Bc6 43. Kd3 Kd5 44. Ke3 Bd7 45. h3
Bb5 46. h4 h6 47. hxg5 hxg5 48. Kf3 Kxd4 49. Kf2 Ke4 50. Kg3 Ke3 51. Kg2 Kf4
52. Kh3 Kf3 53. Kh2 Kxg4 54. Kg2 Kf4 55. Kf2 g4 56. Kg2 g3 57. Kg1 Kf3 58. Kh1
g2+ 59. Kg1 Bc4 60. b5 Bxb5 61. Kh2 Kf2 0-1

[Event "European Youth Chess Championship B12"]
[Site "Prague, Top Hotel Prague"]
[Date "2016.08.19"]
[Round "2.58"]
[White "Sarighioleanu, Sebastian-Laure"]
[Black "Nguyen, Thai Dai Vinh"]
[Result "1/2-1/2"]
[WhiteElo "1572"]
[BlackElo "1774"]
[PlyCount "72"]
[EventDate "2016.08.18"]

1. d4 Nf6 2. c4 e6 3. Nc3 Bb4 4. Bg5 d5 5. e3 O-O 6. Nf3 b6 7. Be2 Bb7 8. O-O
Nbd7 9. Ne5 Be7 10. Nxd7 Qxd7 11. cxd5 Nxd5 12. Bxe7 Nxc3 13. bxc3 Qxe7 14. Bf3
Bxf3 15. Qxf3 c5 16. Rac1 Rac8 17. Qe2 Rc7 18. Rc2 Rfc8 19. Rfc1 cxd4 20. cxd4
Qa3 21. Rxc7 Qxc1+ 22. Rxc1 Rxc1+ 23. Qf1 Rxf1+ 24. Kxf1 Kf8 25. Ke2 b5 26. Kd3
Ke7 27. e4 Kd6 28. g4 $11 g5 29. h3 h6 30. f3 f6 31. a3 a5 32. Kc3 e5 33. d5
Kc5 34. Kb3 Kd6 35. Kc3 Kc5 36. Kb3 Kd6 $11 1/2-1/2

[Event "European Youth Chess Championship B12"]
[Site "Prague, Top Hotel Prague"]
[Date "2016.08.19"]
[Round "2.59"]
[White "Malkoc, Tilen"]
[Black "Kusa, Jakub"]
[Result "1/2-1/2"]
[WhiteElo "1770"]
[BlackElo "1567"]
[PlyCount "120"]
[EventDate "2016.08.18"]

1. Nf3 Nf6 2. g3 d5 3. Bg2 c6 4. O-O Bg4 5. d3 e6 6. Nbd2 Be7 7. Re1 O-O 8. e4
dxe4 9. dxe4 Nbd7 10. e5 Nd5 11. a3 Nc5 12. Qe2 Bf5 13. Nc4 Qc7 14. Nd4 Bg6 15.
h4 b5 16. Nd2 h6 17. c4 Bd3 18. Qg4 bxc4 19. Ne4 Nxe4 20. Bxh6 Qxe5 21. Bxe4
Bxe4 22. Rxe4 Qf6 23. Bg5 Qg6 24. Bxe7 Qxg4 25. Rxg4 Nxe7 26. Nf3 Rab8 27. Ra2
c3 28. bxc3 Rb3 29. Rc4 Nd5 30. Nd4 Rxc3 31. Rxc3 Nxc3 32. Rc2 Nb5 33. Nxc6
Nxa3 34. Ra2 Nb5 35. Ra5 a6 36. Rxa6 Nc7 37. Ra5 Nd5 38. Kg2 Rc8 39. Ne5 Rc7
40. h5 Ne7 41. Ra8+ Rc8 42. Ra6 Rc7 43. f4 f6 44. Ng6 Kf7 45. Nh8+ Kg8 46. Ra8+
Rc8 47. Rxc8+ Nxc8 48. Ng6 Kf7 49. g4 Nd6 50. Kf3 Ne8 51. Nh4 Nc7 52. g5 fxg5
53. fxg5 Nd5 54. Ke4 Ne7 55. Nf3 Nf5 56. Ke5 Ng3 57. g6+ Kg8 58. Kxe6 Nxh5 59.
Ne5 Nf4+ 60. Ke7 Nxg6+ 1/2-1/2

[Event "European Youth Chess Championship B12"]
[Site "Prague, Top Hotel Prague"]
[Date "2016.08.19"]
[Round "2.60"]
[White "Keprt, Tomas"]
[Black "Torngren, Gustav"]
[Result "0-1"]
[WhiteElo "1567"]
[BlackElo "1764"]
[PlyCount "92"]
[EventDate "2016.08.18"]

1. e4 c5 2. Nf3 Nc6 3. d4 cxd4 4. Nxd4 g6 5. Nc3 Bg7 6. Be3 Nf6 7. Bc4 Qa5 8.
O-O O-O 9. Qe2 Qc7 10. Rfd1 d6 11. Bb3 Ng4 12. Nxc6 bxc6 13. Bd4 Ne5 14. Rd2 a5
15. h3 Ba6 16. Qe1 Rab8 17. Rb1 Bc8 18. Bxe5 Bxe5 19. Qe2 Bxc3 20. bxc3 a4 21.
Bxf7+ Rxf7 22. Rbd1 Qa5 23. Qc4 Qb5 24. Qd4 Be6 25. Ra1 Bxa2 26. Rdd1 Bc4 27.
Rdb1 Qxb1+ 28. Rxb1 Rxb1+ 29. Kh2 d5 30. exd5 cxd5 31. Qa7 Ra1 32. Qb8+ Kg7 33.
Qb2 Rf1 34. Qa3 R1xf2 35. Qxa4 R2f6 36. Qa7 e5 37. Qe3 Rf5 38. Qc1 Re7 39. Qe3
Rf4 40. Qc5 Ref7 41. Qe3 Re4 42. Qg3 Re2 43. Qg4 Rxc2 44. Qg5 Re2 45. Qh4 h6
46. Qd8 Re1 0-1

[Event "European Youth Chess Championship B12"]
[Site "Prague, Top Hotel Prague"]
[Date "2016.08.19"]
[Round "2.61"]
[White "Devyaterikov, Ivan"]
[Black "Jordanov, Mihail"]
[Result "1-0"]
[WhiteElo "1536"]
[BlackElo "1758"]
[PlyCount "66"]
[EventDate "2016.08.18"]

1. d4 d5 2. c4 e6 3. Nc3 Nf6 4. cxd5 exd5 5. Bg5 Nbd7 6. e3 Be7 7. Bd3 O-O 8.
Nf3 b6 9. O-O Bb7 10. Qc2 h6 11. Bf4 c5 12. Rac1 Rc8 13. Ne5 Nh5 14. Nxd7 Nxf4
15. Nxf8 Bxf8 16. dxc5 Rxc5 17. exf4 d4 18. Rfd1 Qa8 19. Be4 dxc3 20. Bxb7 Qxb7
21. bxc3 g6 22. Qe2 Qc7 23. Qe3 Bg7 24. Rd3 Rc4 25. g3 Qc6 26. Qf3 Qxf3 27.
Rxf3 b5 28. Rb1 a6 29. Re3 Ra4 30. a3 Bf8 31. f5 g5 32. f6 Bxa3 33. c4 b4 1-0

[Event "European Youth Chess Championship B12"]
[Site "Prague, Top Hotel Prague"]
[Date "2016.08.19"]
[Round "2.62"]
[White "Mechlinski, Jakub"]
[Black "Stepanencu, Nicodim-Cosmin"]
[Result "1/2-1/2"]
[WhiteElo "1753"]
[BlackElo "1551"]
[PlyCount "91"]
[EventDate "2016.08.18"]

1. e4 c5 2. Nf3 d6 3. c3 Nf6 4. h3 Nc6 5. Bd3 a6 6. a4 g6 7. O-O Bg7 8. Re1 O-O
9. Bc2 Nd7 10. d4 cxd4 11. cxd4 Qb6 12. d5 Nd4 13. Nc3 Nxf3+ 14. Qxf3 Ne5 15.
Qe2 Bd7 16. Rb1 Rac8 17. Kh1 Nc4 18. Nd1 Qc7 19. Bd3 Ne5 20. b3 b5 21. Bb2 Nxd3
22. Qxd3 Bxb2 23. Rxb2 bxa4 24. bxa4 Qa5 25. Re3 Qxa4 26. Qd2 Qc4 27. Kh2 Qc5
28. Rc3 Qa7 29. Ra3 Rc4 30. Nc3 Qc5 31. Rbb3 a5 32. Nd1 Ba4 33. Rd3 Bxd1 34.
Qxd1 Qxf2 35. Rxa5 Qf4+ 36. Rg3 Rxe4 37. Raa3 Rd4 38. Qe2 h5 39. Raf3 Qe5 40.
Re3 Qxd5 41. Rxe7 Rf4 42. Rd3 Qc5 43. Qd2 Rf6 44. Rd5 Qc6 45. Qd4 Kg7 46. Re3
1/2-1/2

[Event "European Youth Chess Championship B12"]
[Site "Prague, Top Hotel Prague"]
[Date "2016.08.19"]
[Round "2.63"]
[White "Dudek, Vojtech"]
[Black "Lukyanenko, Artemiy"]
[Result "0-1"]
[WhiteElo "1529"]
[BlackElo "1752"]
[PlyCount "48"]
[EventDate "2016.08.18"]

1. e4 d6 2. f4 Nf6 3. Nc3 g6 4. Nf3 Bg7 5. Bc4 O-O 6. O-O c6 7. d4 Nxe4 8.
Bxf7+ Rxf7 9. Nxe4 h6 10. c3 Nd7 11. Bd2 Qb6 12. Nh4 Nf8 13. Qc2 Bf5 14. Nxf5
gxf5 15. Be3 e6 16. Rf3 Qd8 17. Raf1 Bf6 18. Qd3 Rh7 19. b4 h5 20. Rb1 a6 21.
a4 b5 22. a5 c5 23. dxc5 dxc5 24. Rd1 {not readable} Rd7 0-1

[Event "European Youth Chess Championship B12"]
[Site "Prague, Top Hotel Prague"]
[Date "2016.08.19"]
[Round "2.64"]
[White "Luczak, Filip"]
[Black "Aslanov, Samad"]
[Result "1-0"]
[WhiteElo "1749"]
[BlackElo "1529"]
[PlyCount "73"]
[EventDate "2016.08.18"]

1. e4 c5 2. Nf3 d6 3. d4 cxd4 4. Nxd4 Nf6 5. Nc3 a6 6. Nb3 e6 7. g4 Be7 8. Be3
O-O 9. Qe2 Qc7 10. g5 Nfd7 11. f4 Nc6 12. h4 b5 13. h5 Bb7 14. O-O-O Rac8 15.
g6 h6 16. gxf7+ Rxf7 17. Bh3 Nf8 18. f5 Ne5 19. fxe6 Rf3 20. Bd4 Rf6 21. Nd5
Bxd5 22. exd5 Rf4 23. Rhf1 Rxf1 24. Rxf1 Nh7 25. Kb1 Nf6 26. Bxe5 dxe5 27. Rd1
Rd8 28. Bg2 e4 29. Bxe4 Qf4 30. Bg2 Qg5 31. Na5 Nxd5 32. Nc6 Nf4 33. Nxe7+ Qxe7
34. Rxd8+ Qxd8 35. e7 Qe8 36. Bc6 Nxe2 37. Bxe8 1-0

[Event "European Youth Chess Championship B12"]
[Site "Prague, Top Hotel Prague"]
[Date "2016.08.19"]
[Round "2.65"]
[White "Rousek, Jan"]
[Black "Pribyl, Viktor"]
[Result "0-1"]
[WhiteElo "1521"]
[BlackElo "1742"]
[PlyCount "56"]
[EventDate "2016.08.18"]

1. e4 c5 2. Nf3 d6 3. d4 cxd4 4. Nxd4 Nf6 5. Nc3 a6 6. Bc4 e6 7. Bb3 b5 8. O-O
Be7 9. Qf3 Qc7 10. Qg3 O-O 11. Bh6 Ne8 12. Rfe1 Kh8 13. Bg5 Bxg5 14. Qxg5 h6
15. Qh4 Nf6 16. Re3 Re8 17. Rf3 Nbd7 18. Re1 Bb7 19. Ree3 Kh7 20. g4 b4 21.
Nce2 Ne5 22. Rg3 Nxe4 23. Rxe4 Bxe4 24. g5 Qb7 25. gxh6 gxh6 26. Nf4 Qe7 27.
Qh3 d5 28. Nh5 Rg8 0-1

[Event "European Youth Chess Championship B12"]
[Site "Prague, Top Hotel Prague"]
[Date "2016.08.19"]
[Round "2.66"]
[White "Pajcin, Lav"]
[Black "Slivka, David"]
[Result "1/2-1/2"]
[WhiteElo "1735"]
[BlackElo "1524"]
[PlyCount "149"]
[EventDate "2016.08.18"]

1. e4 e5 2. Nf3 Nc6 3. Bc4 Bc5 4. d3 Nf6 5. Nc3 d6 6. h3 Be6 7. Bb3 O-O 8. Bg5
h6 9. Bh4 g5 10. Bg3 Bxb3 11. axb3 Nd7 12. h4 f6 13. hxg5 hxg5 14. Nd2 Rf7 15.
Qh5 Rg7 16. Nd5 Nb4 17. Nxb4 Bxb4 18. c3 Bc5 19. Nc4 Bb6 20. Ne3 Bxe3 21. fxe3
a6 22. Kd2 Nc5 23. Kc2 Qe8 24. Qxe8+ Rxe8 25. Rh6 Kf7 26. b4 Ne6 27. c4 Rg6 28.
Rhh1 Kg7 29. Kc3 Rh6 30. Rhf1 Kg6 31. Rae1 Ng7 32. b3 f5 33. Re2 f4 34. Be1 Rh2
35. exf4 gxf4 36. Rf3 Reh8 37. c5 Ne6 38. Rff2 dxc5 39. bxc5 Nxc5 40. Kc4 b6
41. b4 Ne6 42. Bc3 Kf6 43. g3 b5+ 44. Kb3 Rxf2 45. Rxf2 Rd8 46. gxf4 Rxd3 47.
Kc2 Rxc3+ 48. Kxc3 exf4 49. Ra2 Ke5 50. Rxa6 Nd4 51. Ra8 c6 52. Re8+ Ne6 53.
Kd3 Kd6 54. Rh8 Ke5 55. Rh5+ Kd6 56. Rf5 Kd7 57. e5 Ke7 58. Rf6 Kd7 59. Ke4 Ke7
60. Kf5 Nd4+ 61. Kxf4 Nc2 62. Rxc6 Nxb4 63. Rc7+ Ke6 64. Rh7 Nd5+ 65. Ke4 Nc3+
66. Kd3 b4 67. Rh5 Nd5 68. Kc4 Ne3+ 69. Kxb4 Ng4 70. Rh4 Nxe5 71. Kc5 Kf5 72.
Rh5+ Ke4 73. Rh3 Nd3+ 74. Kc4 Nb2+ 75. Kc3 1/2-1/2

[Event "European Youth Chess Championship B12"]
[Site "Prague, Top Hotel Prague"]
[Date "2016.08.19"]
[Round "2.67"]
[White "Aalto, Patrik"]
[Black "Jaques, Hannibal Valeur"]
[Result "1-0"]
[WhiteElo "1733"]
[BlackElo "1518"]
[PlyCount "79"]
[EventDate "2016.08.18"]

1. e4 e5 2. Nf3 Nc6 3. Bc4 Bc5 4. O-O Nf6 5. d3 d6 6. a4 Bg4 7. h3 Bh5 8. c3 a6
9. Na3 O-O 10. Nc2 b5 11. axb5 axb5 12. Bxb5 Rxa1 13. Nxa1 Ne7 14. b4 Bb6 15.
Qe2 c6 16. Bc4 d5 17. Bb3 dxe4 18. dxe4 Qa8 19. Bg5 c5 20. Bxf6 gxf6 21. b5 Kh8
22. Re1 Rg8 23. Kh2 Bc7 24. Kh1 Ba5 25. Qe3 Bb6 26. Nd2 f5 27. Nc4 f4 28. Qd2
Qb7 29. Nxe5 Bc7 30. Qd7 Qc8 31. Qxe7 Bxe5 32. Qxe5+ Rg7 33. Qxh5 Qd7 34. Rd1
Qc8 35. Qd5 Rg8 36. Qxf7 f3 37. Qf6+ Rg7 38. Rd8+ Qxd8 39. Qxd8+ Rg8 40. Qxg8#
1-0

[Event "European Youth Chess Championship B12"]
[Site "Prague, Top Hotel Prague"]
[Date "2016.08.19"]
[Round "2.68"]
[White "Veres, Simon"]
[Black "Mansoor, Afras"]
[Result "0-1"]
[WhiteElo "1514"]
[BlackElo "1728"]
[PlyCount "78"]
[EventDate "2016.08.18"]

1. e4 Nf6 2. e5 Nd5 3. d4 d6 4. c4 Nb6 5. exd6 cxd6 6. Nc3 g6 7. Be3 Bg7 8. Rc1
O-O 9. b3 e5 10. dxe5 dxe5 11. Qxd8 Rxd8 12. c5 N6d7 13. Bc4 Nc6 14. Ne4 Na5
15. Bg5 Rf8 16. Bd5 h6 17. Bd2 Nc6 18. Nf3 Kh7 19. Nd6 f5 20. Be3 e4 21. Ng1
Nb4 22. Rd1 f4 23. Bc1 Nxc5 24. Bxe4 Nxe4 25. Nxe4 Re8 26. f3 Bf5 27. Kf2 Bxe4
28. fxe4 Rxe4 29. Rd7 Rae8 30. a3 Nc2 31. Rxb7 Kg8 32. g3 Bd4+ 33. Kg2 Ne1+ 34.
Kh3 f3 35. Nxf3 Nxf3 36. Bxh6 Ng1+ 37. Kg2 Re2+ 38. Kf1 Re1+ 39. Kg2 R8e2# 0-1

[Event "European Youth Chess Championship B12"]
[Site "Prague, Top Hotel Prague"]
[Date "2016.08.19"]
[Round "2.69"]
[White "Ratnesan, Ranesh"]
[Black "Wartiovaara, Oliver"]
[Result "1-0"]
[WhiteElo "1714"]
[BlackElo "1514"]
[PlyCount "95"]
[EventDate "2016.08.18"]

1. d4 d5 2. Nf3 Nf6 3. g3 e6 4. Bg2 Be7 5. O-O O-O 6. c4 b6 7. cxd5 exd5 8. Nc3
Bb7 9. Qb3 Ne4 10. Be3 Bf6 11. Rfd1 Nxc3 12. Qxc3 Qe7 13. Rac1 c6 14. Qc2 Re8
15. a3 Nd7 16. b4 Rec8 17. Bh3 Ba6 18. Re1 Bc4 19. Nd2 b5 20. Nxc4 dxc4 21. Qf5
Rd8 22. Bg2 Rac8 23. Be4 g6 24. Qf3 Nb8 25. Red1 Re8 26. Bb1 Bg5 27. Bxg5 Qxg5
28. e3 Qe7 29. d5 Qe5 30. Rd4 cxd5 31. Rcd1 Red8 32. e4 Nc6 33. Rxd5 Rxd5 34.
exd5 Nd4 35. Qg4 Nf5 36. d6 Rd8 37. d7 h5 38. Qg5 Qe7 39. Qd2 Ng7 40. Qd5 a6
41. Bxg6 Qe6 42. Qxe6 fxe6 43. Be4 Kf8 44. Bb7 Ke7 45. Bxa6 Rxd7 46. Rxd7+ Kxd7
47. Bxb5+ Kc7 48. Bxc4 1-0

[Event "European Youth Chess Championship B12"]
[Site "Prague, Top Hotel Prague"]
[Date "2016.08.19"]
[Round "2.70"]
[White "Petrek, David"]
[Black "Smelykh, Edvin"]
[Result "0-1"]
[WhiteElo "1463"]
[BlackElo "1709"]
[PlyCount "48"]
[EventDate "2016.08.18"]

1. e4 c5 2. Nf3 e6 3. d4 cxd4 4. Nxd4 a6 5. Nc3 b5 6. Bd3 Bb7 7. O-O Nf6 8. Bg5
Be7 9. Qe2 d6 10. Kh1 Nbd7 11. f4 O-O 12. f5 e5 13. Nf3 Ne8 14. Bxe7 Qxe7 15.
Rad1 Nef6 16. a4 b4 17. Na2 a5 18. c3 b3 19. Nc1 Nc5 20. Rfe1 Nfxe4 21. Nxb3
Nxd3 22. Rxd3 Qd7 23. Ra1 Qxf5 24. Nbd2 Nf2+ 0-1